| 000 | 00983nmm a2200325 a 4500 | ||
|---|---|---|---|
| 001 | ocm000884516 | ||
| 003 | TR-IsHL | ||
| 005 | 20201028144106.0 | ||
| 008 | 141121s2003 tu tur | ||
| 007 | cr cn | ||
| 020 | _a9789758460571 | ||
| 035 |
_a884516 _b(N$T) |
||
| 050 | 0 | 4 |
_aRA776.9 _b.S2519 2003 |
| 090 | 0 | 4 |
_aRA776.9 _b.S2519 2003 |
| 100 | 1 | _aSalomon, Paule | |
| 245 | 1 | 0 |
_aDiri vücutlar _h[electronic resource] / _cPaule Salomon ; çeviren Hale Doğan |
| 260 |
_aİstanbul : _bPencere Yayınları, _c2003 |
||
| 300 | _a191 p. | ||
| 650 | 4 | _aTıp | |
| 650 | 4 | _aMedicine | |
| 650 | 0 | _aSağlık davranışı | |
| 650 | 0 | _aHealth behavior | |
| 650 | 0 | _aSağlık tutumu | |
| 650 | 0 | _aHealth attitudes | |
| 650 | 0 | _aTıp ve psikoloji | |
| 650 | 0 | _aMedicine and psychology | |
| 650 | 7 |
_aHEALTH & FITNESS / General _2bisacsh |
|
| 700 | 1 | _aDoğan, Hale | |
| 856 | 4 | 0 | _uhttp://search.ebscohost.com/login.aspx?direct=true&scope=site&db=e011xww&AN=884516 |
| 999 |
_c9245 _d9245 |
||